ADMINISTRATION OF PHYSICAL EDUCATION (Record no. 28307)
[ view plain ]
| 000 -LEADER | |
|---|---|
| fixed length control field | 00224nam a2200097Ia 4500 |
| 008 - FIXED-LENGTH DATA ELEMENTS--GENERAL INFORMATION | |
| fixed length control field | 170620s9999 xx 000 0 und d |
| 100 ## - MAIN ENTRY--PERSONAL NAME | |
| Personal name | GUPTA- B. N |
| 245 #0 - TITLE STATEMENT | |
| Title | ADMINISTRATION OF PHYSICAL EDUCATION |
| 260 ## - PUBLICATION, DISTRIBUTION, ETC. | |
| Name of publisher, distributor, etc. | alpha |
| 260 ## - PUBLICATION, DISTRIBUTION, ETC. | |
| Date of publication, distribution, etc. | 2008 |
| 300 ## - PHYSICAL DESCRIPTION | |
| Extent | 252 |
| Withdrawn status | Lost status | Source of classification or shelving scheme | Damaged status | Not for loan | Home library | Current library | Date acquired | Source of acquisition | Total Checkouts | Barcode | Date last seen | Price effective from | Koha item type |
|---|---|---|---|---|---|---|---|---|---|---|---|---|---|
| IIMT University College of Education-BTC | IIMT University College of Education-BTC | 07/01/2017 | 34 | 16-B-2075 | 07/01/2017 | 07/01/2017 | Text-Book- for 7 days |

